| 000 | 01045 a2200169 4500 | ||
|---|---|---|---|
| 003 | Nust | ||
| 005 | 20230620144026.0 | ||
| 040 | _cNust | ||
| 082 | _a310,DIX | ||
| 100 |
_aWilfrid j. Dixion _9113181 |
||
| 245 |
_aIntroduction to Statistical Analysis/ _cWilfrid j. Dixon |
||
| 250 | _a2nd ed | ||
| 260 |
_alondon _bMc graw - hill _c1957 |
||
| 300 | _axiii,488p; | ||
| 505 | _aIntroduction (Page-1), Distributions (Page-4), Introduction to Measure of Central Value (Page-14), Universes and Sample (Page-30), The Normal Distribution (Page-48), Various Measures of Central Value and Dispersion (Page-70), Statistical Inference (Page-88), The Variance (Page-102), The Mean (Page-112), Analysis of Variance (Page-139), Regression and Correlation (Page-189), Analysis of Covariance (Page-209), Enumeration Statics (Page-221), Probability of Accepting a False Hypothesis (Page-244), Microstatistics (Page-262), Micro statistics (Page-272), Nonparametric Statics (Page-280), Sequential Analysis (Page-304), Probability (Page-328). | ||
| 942 |
_2ddc _cBK |
||
| 999 |
_c193880 _d193880 |
||